Văn xuôi Việt Nam trên con đường hiện thực xã hội chủ nghĩa /

Đã lưu trong:
Bibliografiske detaljer
Hovedforfatter: Phong Lê
Format: Sách giấy
Sprog:Vietnamese
Udgivet: Hà Nội : Khoa học Xã hội , 1980
Tags: Tilføj Tag
Ingen Tags, Vær først til at tagge denne postø!
Thư viện lưu trữ: Thư viện Trường Đại học Đà Lạt
LEADER 00598nam a2200241 4500
001 DLU020015361
005 ##8/13/2000
020 # # |a 978- 
041 # # |a vie 
082 # # |a 895.922 3  |b PH-L 
100 # # |a Phong Lê 
245 # # |a Văn xuôi Việt Nam trên con đường hiện thực xã hội chủ nghĩa /  |c Phong Lê 
260 # # |a Hà Nội :  |b Khoa học Xã hội ,  |c 1980 
300 # # |a 288 tr.;   |c 19 cm. 
992 # # |a 426 
994 # # |a DLU 
900 # # |a False 
911 # # |a Administrator 
925 # # |a G 
926 # # |a A 
927 # # |a SH 
980 # # |a Thư viện Trường Đại học Đà Lạt